[Event "ICS rated blitz match"]
[Site "207.99.83.227"]
[Date "1999.05.02"]
[Round "?"]
[White "matar"]
[Black "Hossa"]
[Result "0-1"]
[WhiteElo "2261"]
[BlackElo "2467"]
[PlyCount "49"]

1. e4 c5 2. Nf3 e6 3. d4 cxd4 4. Nxd4 a6 5. Bd3 Nc6 6. Nxc6 dxc6 7. Nd2 Nf6 8.
O-O Be7 9. e5 Nd7 10. f4 Nc5 11. Be2 O-O 12. Kh1 f6 13. b4 Na4 14. Bd3 Bxb4 15.
Qh5 f5 16. Nf3 Nc3 17. Bb2 Qe8 18. Qh3 Qg6 19. Rg1 Ne4 20. Bd4 Rd8 21. Be3 Bc3
22. Raf1 Rf8 23. g4 Bd7 24. Nh4 Qf7 25. Bc5 {matar resigns} 0-1

[Event "ICS rated blitz match"]
[Site "207.99.83.227"]
[Date "1999.05.02"]
[Round "?"]
[White "Diepeveen"]
[Black "Hossa"]
[Result "0-1"]
[WhiteElo "2344"]
[BlackElo "2474"]
[PlyCount "36"]

1. e4 c5 2. Nf3 e6 3. d4 cxd4 4. Nxd4 a6 5. Nc3 Qc7 6. Be2 Nf6 7. O-O Nc6 8.
Nxc6 dxc6 9. Be3 Bb4 10. Qd4 c5 11. Qd3 O-O 12. Rad1 Bd7 13. f4 Rad8 14. e5 Ba4
15. Nxa4 Rxd3 16. cxd3 Nd5 17. Bd2 Bxd2 18. Rxd2 18... Qa5 {Diepeveen resigns}
0-1

[Event "ICS rated blitz match"]
[Site "207.99.83.227"]
[Date "1999.05.02"]
[Round "?"]
[White "Hossa"]
[Black "Fallen-Star"]
[Result "1-0"]
[WhiteElo "2484"]
[BlackElo "2369"]
[PlyCount "101"]

1. d4 d6 2. e4 g6 3. Nf3 Bg7 4. Bb5+ c6 5. Be2 Nf6 6. Nc3 O-O 7. O-O Nbd7 8.
Bg5 e5 9. dxe5 dxe5 10. Qd6 Re8 11. Rad1 h6 12. Bh4 g5 13. Bg3 Bf8 14. Qd3 Qc7
15. Nd4 Nc5 16. Qf3 Bg4 17. Qxf6 Bg7 18. Qxg7+ Kxg7 19. Bxg4 Ne6 20. Nxe6+ fxe6
21. Rd3 Kf6 22. Rfd1 Rad8 23. Be2 b5 24. Bh5 Rf8 25. a4 a6 26. axb5 cxb5 27.
Rf3+ Kg7 28. Rxd8 Rxd8 29. Rf7+ Qxf7 30. Bxe5+ Kf8 31. Bxf7 Kxf7 32. f4 b4 33.
Na2 a5 34. h4 gxh4 35. Kh2 Rd2 36. Nc1 Rxc2 37. Nd3 Rd2 38. Nc5 Rc2 39. Nb7 a4
40. Nd6+ Kg6 41. f5+ exf5 42. exf5+ Kh7 43. f6 a3 44. f7 Rf2 45. Kg1 Rxf7 46.
Nxf7 a2 47. b3 Kg6 48. Nd8 Kf5 49. Nc6 Ke4 50. Bg7 Kd3 51. Nxb4+ {
Fallen-Star resigns} 1-0

[Event "ICS rated blitz match"]
[Site "207.99.83.227"]
[Date "1999.05.02"]
[Round "?"]
[White "Hossa"]
[Black "Fallen-Star"]
[Result "1-0"]
[WhiteElo "2495"]
[BlackElo "2298"]
[PlyCount "41"]

1. d4 c6 2. e4 g6 3. Nf3 Bg7 4. Be2 d5 5. Nbd2 dxe4 6. Nxe4 Nf6 7. Nxf6+ exf6
8. O-O O-O 9. c4 Qd6 10. Be3 Nd7 11. Qd2 Rd8 12. Bh6 Nf8 13. Bxg7 Kxg7 14. Rad1
Bg4 15. d5 c5 16. Nd4 Bxe2 17. Nxe2 g5 18. f4 h6 19. Ng3 Kh8 20. fxg5 fxg5 21.
Qc3+ {Fallen-Star resigns} 1-0

[Event "ICS rated blitz match"]
[Site "207.99.83.227"]
[Date "1999.05.02"]
[Round "?"]
[White "PostModernist"]
[Black "Hossa"]
[Result "1-0"]
[WhiteElo "2533"]
[BlackElo "2509"]
[PlyCount "131"]

1. e4 c5 2. Nf3 e6 3. d4 cxd4 4. Nxd4 a6 5. c4 Nf6 6. Nc3 Bb4 7. Bd3 Bxc3+ 8.
bxc3 d6 9. Qa4+ Qd7 10. Qc2 O-O 11. Bg5 Qd8 12. O-O Nbd7 13. f4 h6 14. Bh4 Qa5
15. f5 e5 16. Nb3 Qb6+ 17. Bf2 Qc6 18. Na5 Qc7 19. Nb3 Ng4 20. Rfd1 a5 21. a4
Nc5 22. Bxc5 dxc5 23. Qe2 Nf6 24. g4 b6 25. h4 Nh7 26. Nd2 Bb7 27. Nf3 Rad8 28.
g5 hxg5 29. hxg5 Qe7 30. Qg2 Rxd3 31. Rxd3 Bxe4 32. f6 Qb7 33. Re3 Re8 34. Qg4
Bxf3 35. Rxf3 Qc6 36. Rh3 Qe6 37. Qh4 Qf5 38. Kh1 Qg6 39. Re1 e4 40. fxg7 Re6
41. Re2 Qxg7 42. Rxe4 Nf8 43. Rxe6 Nxe6 44. Re3 Qg6 45. Re2 Qd3 46. g6 Kf8 47.
Qg4 Qxc3 48. gxf7 Qc1+ 49. Kg2 Qg5 50. Qxg5 Nxg5 51. Re5 Nxf7 52. Re6 Ng5 53.
Rxb6 Ke7 54. Ra6 Ne4 55. Rxa5 Ke6 56. Rb5 Kd6 57. a5 Nd2 58. a6 Nxc4 59. a7
Ne3+ 60. Kh3 Ke6 61. a8=Q Nf5 62. Qc6+ Nd6 63. Rb6 Kf7 64. Qxd6 c4 65. Qc7+ Kg8
66. Rb8# {Hossa checkmated} 1-0

[Event "ICS rated blitz match"]
[Site "207.99.83.227"]
[Date "1999.05.02"]
[Round "?"]
[White "matar"]
[Black "Hossa"]
[Result "0-1"]
[WhiteElo "2260"]
[BlackElo "2494"]
[PlyCount "86"]

1. e4 e5 2. Nf3 Nc6 3. Bb5 a6 4. Ba4 Nf6 5. Bxc6 dxc6 6. d3 Bc5 7. Nbd2 Ng4 8.
O-O O-O 9. h3 Nxf2 10. Rxf2 Bxf2+ 11. Kxf2 f5 12. Kg1 fxe4 13. Nxe4 Bf5 14. Be3
Bxe4 15. dxe4 Qe8 16. Qe2 Qe6 17. b3 Rad8 18. Rd1 Rxd1+ 19. Qxd1 b6 20. Qe2 b5
21. Ng5 Qe8 22. Bc5 Rf4 23. Qd3 Kh8 24. Nf3 h6 25. Ba3 Rf6 26. Bb2 Rd6 27. Qe2
Re6 28. Qf2 Kg8 29. Qc5 Qg6 30. Qe3 Qf6 31. Qa7 Qf4 32. Qxc7 Qe3+ 33. Kh1 Qxe4
34. Qc8+ Kf7 35. Qd7+ Kf6 36. Nxe5 Qe1+ 37. Kh2 Rxe5 38. Qxc6+ Kf7 39. Qc7+ Re7
40. Qf4+ Kg8 41. Qb8+ Kh7 42. Qg3 Qxg3+ 43. Kxg3 43... Re2 {matar resigns} 0-1

[Event "ICS rated blitz match"]
[Site "207.99.83.227"]
[Date "1999.05.02"]
[Round "?"]
[White "Hossa"]
[Black "matar"]
[Result "1-0"]
[WhiteElo "2501"]
[BlackElo "2253"]
[PlyCount "67"]

1. e4 c5 2. Nf3 e6 3. d4 cxd4 4. Nxd4 a6 5. c4 Nf6 6. Nc3 Qc7 7. Bg5 Bb4 8.
Bxf6 Bxc3+ 9. bxc3 gxf6 10. Bd3 d6 11. Qg4 Nd7 12. Qg7 Rf8 13. O-O b6 14. Qxh7
Bb7 15. Qg7 O-O-O 16. Rad1 Qc5 17. Rb1 Qh5 18. Be2 Qh4 19. Bf3 Rh8 20. Qg3 Qh6
21. Rfd1 Ne5 22. h4 Rdg8 23. Qh2 Qxh4 24. Qxh4 Rxh4 25. Rxb6 Nxf3+ 26. Nxf3
Rhg4 27. g3 Bxe4 28. Nh2 Rh4 29. Rd4 e5 30. Rxe4 Rxe4 31. Rxd6 Rxc4 32. Rxa6
Rxc3 33. Ra8+ Kb7 34. Rxg8 {matar resigns} 1-0

[Event "ICS rated blitz match"]
[Site "207.99.83.227"]
[Date "1999.05.02"]
[Round "?"]
[White "Hossa"]
[Black "matar"]
[Result "1-0"]
[WhiteElo "2507"]
[BlackElo "2246"]
[PlyCount "89"]

1. e4 c5 2. Nf3 e6 3. d4 cxd4 4. Nxd4 a6 5. c4 Nf6 6. Nc3 Qc7 7. Bg5 Bb4 8.
Bxf6 Bxc3+ 9. bxc3 gxf6 10. Bd3 d6 11. Qg4 Nd7 12. Qg7 Rf8 13. O-O b6 14. Qxh7
Bb7 15. Qg7 O-O-O 16. Rad1 Qc5 17. Rb1 Qh5 18. Be2 Qh4 19. Bf3 Rh8 20. Qg3 Qh6
21. Rfd1 Ne5 22. h4 Rdg8 23. Qh2 Qxh4 24. Qxh4 Rxh4 25. Rxb6 Nxf3+ 26. Nxf3
Rhg4 27. g3 Bxe4 28. Nh2 Rh4 29. Rd4 e5 30. Rxe4 Rxe4 31. Rxd6 Rg6 32. Rxa6
Rxc4 33. Ra3 Kb7 34. Nf1 Rg8 35. Ne3 Rc5 36. Nf5 Ra8 37. Nd6+ Kb8 38. Rb3+ Kc7
39. Ne4 Rc6 40. a3 Rb8 41. Rxb8 Kxb8 42. g4 Ra6 43. c4 Kc7 44. Kf1 Kd7 45. Nc5+
{matar resigns} 1-0

[Event "ICS rated blitz match"]
[Site "207.99.83.227"]
[Date "1999.05.02"]
[Round "?"]
[White "Hossa"]
[Black "matar"]
[Result "1/2-1/2"]
[WhiteElo "2518"]
[BlackElo "2229"]
[PlyCount "77"]

1. e4 c5 2. Nf3 e6 3. d4 cxd4 4. Nxd4 a6 5. c4 Nf6 6. Nc3 Qc7 7. Bg5 Bb4 8.
Bxf6 Bxc3+ 9. bxc3 gxf6 10. Bd3 d6 11. Qg4 Nd7 12. Qg7 Rf8 13. O-O b6 14. Qxh7
Bb7 15. Qg7 O-O-O 16. Rad1 Qc5 17. Rb1 Qh5 18. Be2 Qh4 19. Bf3 Rh8 20. Qg3 Qh6
21. Rfd1 Ne5 22. h4 Rdg8 23. Qh2 Qxh4 24. Qxh4 Rxh4 25. Rxb6 Nxc4 26. Rb4 Ne5
27. Rdb1 Rgh8 28. Kf1 Rh1+ 29. Ke2 Rxb1 30. Rxb1 Kc7 31. Ke3 Nc4+ 32. Kd3 Ne5+
33. Ke2 Rh4 34. Ke3 Nc4+ 35. Kd3 Ne5+ 36. Ke3 Nc4+ 37. Kd3 Ne5+ 38. Ke3 Nc4+
39. Kd3 {Game drawn by repetition} 1/2-1/2

[Event "ICS rated blitz match"]
[Site "207.99.83.227"]
[Date "1999.05.02"]
[Round "?"]
[White "Hossa"]
[Black "matar"]
[Result "1-0"]
[WhiteElo "2510"]
[BlackElo "2234"]
[PlyCount "25"]

1. e4 c5 2. Nf3 e6 3. Nc3 a6 4. Be2 Nc6 5. d4 cxd4 6. Nxd4 Qc7 7. O-O Nf6 8.
Bg5 Bc5 9. Bxf6 gxf6 10. Nxc6 dxc6 11. Bc4 Bd7 12. Qh5 O-O-O 13. Qxc5 {
matar resigns} 1-0

[Event "ICS rated blitz match"]
[Site "207.99.83.227"]
[Date "1999.05.02"]
[Round "?"]
[White "Fallen-Star"]
[Black "Hossa"]
[Result "0-1"]
[WhiteElo "2290"]
[BlackElo "2519"]
[PlyCount "100"]

1. d4 c5 2. d5 e5 3. Nf3 Bd6 4. Nc3 Ne7 5. Ne4 Qb6 6. a4 f5 7. Nc3 O-O 8. a5
Qd8 9. Nb5 Rf6 10. Nxd6 Rxd6 11. c4 e4 12. Bf4 Ra6 13. Nd2 Ng6 14. e3 Nxf4 15.
exf4 Rxa5 16. Rxa5 Qxa5 17. Be2 Na6 18. O-O Nb4 19. f3 e3 20. Nb3 Qa2 21. Nxc5
Qxb2 22. d6 Qc2 23. Qxc2 Nxc2 24. Bd3 b6 25. Bxc2 bxc5 26. Bxf5 Rb8 27. Re1 Rb3
28. Be4 Ra3 29. Bd5+ Kh8 30. g4 Ba6 31. Kg2 h6 32. Kg3 Rd3 33. h4 Rb3 34. g5
hxg5 35. hxg5 g6 36. Kg4 Rc3 37. Kg3 Kh7 38. Re2 Ra3 39. f5 gxf5 40. Kf4 Kg6
41. Rh2 Bxc4 42. Bxc4 Ra4 43. Rh6+ Kg7 44. Kxe3 Rxc4 45. f4 Rd4 46. Rf6 Rd5 47.
Kf3 c4 48. Rh6 c3 49. Ke3 c2 50. Rh1 50... Rd1 {Fallen-Star resigns} 0-1

[Event "ICS rated blitz match"]
[Site "207.99.83.227"]
[Date "1999.05.02"]
[Round "?"]
[White "Hossa"]
[Black "haraldl"]
[Result "1-0"]
[WhiteElo "2526"]
[BlackElo "2133"]
[PlyCount "47"]

1. Nf3 c5 2. e4 Nc6 3. Nc3 Nf6 4. Bb5 a6 5. Bxc6 dxc6 6. e5 Nd5 7. d3 Bg4 8.
O-O e6 9. Ne4 Be7 10. Be3 Nxe3 11. fxe3 O-O 12. Qd2 Bxf3 13. Rxf3 Bg5 14. Nxc5
Qb6 15. Nd7 Qxb2 16. Rff1 Rfd8 17. Rab1 Qa3 18. Rxb7 Qe7 19. Nf6+ Bxf6 20. Rxe7
Bxe7 21. Qa5 f6 22. Qb6 fxe5 23. Qxc6 Bd6 24. c4 {haraldl resigns} 1-0

[Event "ICS rated blitz match"]
[Site "207.99.83.227"]
[Date "1999.05.02"]
[Round "?"]
[White "Hossa"]
[Black "sjonnie"]
[Result "1-0"]
[WhiteElo "2529"]
[BlackElo "2184"]
[PlyCount "73"]

1. d4 Nf6 2. c4 c5 3. dxc5 e6 4. b4 a5 5. Qa4 Nc6 6. b5 Ne5 7. Bb2 Qc7 8. Nf3
Nxf3+ 9. exf3 Bxc5 10. Bd3 Bb4+ 11. Nd2 Bxd2+ 12. Kxd2 Qf4+ 13. Kc2 O-O 14.
Rae1 d5 15. Be5 Qh6 16. Kb1 dxc4 17. Qxc4 Bd7 18. Bxf6 Qxf6 19. Qe4 g6 20. Rc1
a4 21. Rc7 a3 22. Qb4 Bc8 23. h4 h5 24. Be4 Qe5 25. Rhc1 Rb8 26. g3 b6 27. f4
Qf6 28. Qxa3 e5 29. R1c6 Qd8 30. Qa7 Be6 31. Rxe6 Qd1+ 32. Rc1 Qd4 33. Rxe5
Rbe8 34. Qc7 Qb4+ 35. Ka1 Qd4+ 36. Qc3 Qxf2 37. Rxe8 {sjonnie resigns} 1-0

[Event "ICS rated blitz match"]
[Site "207.99.83.227"]
[Date "1999.05.02"]
[Round "?"]
[White "sjonnie"]
[Black "Hossa"]
[Result "0-1"]
[WhiteElo "2180"]
[BlackElo "2533"]
[PlyCount "88"]

1. e4 c5 2. Nf3 e6 3. d4 cxd4 4. Nxd4 a6 5. c4 Nf6 6. Nc3 Qc7 7. Bd3 Nc6 8.
Nxc6 dxc6 9. O-O Bb4 10. Bd2 Bd6 11. h3 O-O 12. Qe2 Bd7 13. Be3 Bh2+ 14. Kh1
Be5 15. Rac1 Qa5 16. f4 Bxc3 17. Rxc3 Rad8 18. e5 Ne8 19. Rb3 b5 20. a3 f5 21.
Rc1 Nc7 22. Rbc3 b4 23. Rb3 c5 24. axb4 Qa4 25. Bc2 cxb4 26. Bb6 Qc6 27. Rxb4
Rfe8 28. Ba4 Qb7 29. Bxc7 Qxb4 30. Bxd8 Bxa4 31. Bc7 Bb3 32. c5 Rc8 33. Bd6
Qxf4 34. Rf1 Qa4 35. Qd3 Bc4 36. Qd1 Bb3 37. Qc1 a5 38. Qg5 Qd4 39. Qe7 Qxb2
40. Qd7 Ra8 41. c6 Bd5 42. Rg1 Qc3 43. Kh2 f4 44. c7 44... Qg3+ {
sjonnie resigns} 0-1

[Event "ICS rated blitz match"]
[Site "207.99.83.227"]
[Date "1999.05.02"]
[Round "?"]
[White "Hossa"]
[Black "matar"]
[Result "1-0"]
[WhiteElo "2537"]
[BlackElo "2235"]
[PlyCount "73"]

1. e4 c5 2. Nf3 e6 3. d4 cxd4 4. Nxd4 a6 5. c4 Nf6 6. Nc3 Qc7 7. Bg5 Bb4 8.
Bxf6 Bxc3+ 9. bxc3 gxf6 10. Bd3 d6 11. Qg4 Nd7 12. Qg7 Rf8 13. O-O b6 14. Qxh7
Bb7 15. Qg7 O-O-O 16. Rad1 Qc5 17. Rb1 Qh5 18. Be2 Qh4 19. Bf3 Rh8 20. Qg3 Qh6
21. Rfd1 Ne5 22. h4 Rdg8 23. Qh2 Qxh4 24. Qxh4 Rxh4 25. Rxb6 Nxf3+ 26. Nxf3
Rhg4 27. g3 Bxe4 28. Nh2 Rh4 29. Rd4 e5 30. Rxe4 Rxe4 31. Rxd6 Rxc4 32. Rxa6
Rg6 33. Ra3 f5 34. Nf3 f6 35. Nd2 Rc7 36. Kf1 Rg8 37. Ra8+ {matar resigns} 1-0

[Event "ICS Rated blitz match"]
[Site "207.99.83.227"]
[Date "1999.05.02"]
[Round "?"]
[White "Tim"]
[Black "Hossa"]
[Result "1-0"]
[WhiteElo "2387"]
[BlackElo "2542"]
[PlyCount "70"]

1. d4 d5 2. e4 dxe4 3. Nc3 Nf6 4. f3 Bf5 5. fxe4 Nxe4 6. Qf3 Nxc3 7. bxc3 Qc8
8. Bc4 e5 9. Qd5 f6 10. Qf7+ Kd8 11. dxe5 Nd7 12. exf6 Nxf6 13. Bg5 Qd7 14. Rd1
Bd6 15. Bxf6+ gxf6 16. Qxf6+ Qe7+ 17. Qxe7+ Kxe7 18. Bd3 Be6 19. a4 Be5 20. Ne2
Bd5 21. O-O Rag8 22. g3 c6 23. c4 Be6 24. Nf4 Rg5 25. Nxe6 Kxe6 26. Kg2 h5 27.
c5 Bc3 28. Bc4+ Ke5 29. Rf3 b5 30. axb5 Bb4 31. Re3+ Kf5 32. Rd6 Rxg3+ 33. hxg3
Rh6 34. Rxh6 Kg5 35. Ree6 35... cxb5 {Hossa resigns} 1-0

[Event "ICS rated blitz match"]
[Site "207.99.83.227"]
[Date "1999.05.02"]
[Round "?"]
[White "Hossa"]
[Black "sjonnie"]
[Result "1-0"]
[WhiteElo "2519"]
[BlackElo "2176"]
[PlyCount "45"]

1. Nf3 Nc6 2. d4 e6 3. e4 d5 4. Bd3 dxe4 5. Bxe4 Nf6 6. Bxc6+ bxc6 7. O-O c5 8.
Bg5 cxd4 9. Qxd4 Qxd4 10. Nxd4 Bd7 11. Nc3 Rb8 12. Bxf6 gxf6 13. Nb3 Bd6 14.
Rad1 Ke7 15. Rfe1 Rb4 16. Nd5+ Ke8 17. Nxb4 Bxb4 18. c3 Bd6 19. Na5 Ke7 20. Nc4
Rb8 21. Rd2 Bf4 22. Rd4 e5 23. Rxf4 {sjonnie resigns} 1-0

[Event "ICS rated blitz match"]
[Site "207.99.83.227"]
[Date "1999.05.02"]
[Round "?"]
[White "matar"]
[Black "Hossa"]
[Result "0-1"]
[WhiteElo "2244"]
[BlackElo "2523"]
[PlyCount "76"]

1. e4 e5 2. Nf3 Nc6 3. Bb5 a6 4. Ba4 Nf6 5. Bxc6 dxc6 6. d3 Bc5 7. Nbd2 Ng4 8.
O-O O-O 9. h3 Nxf2 10. Rxf2 Bxf2+ 11. Kxf2 f5 12. exf5 Bxf5 13. Kg1 e4 14. dxe4
Bxe4 15. Qe2 Bd5 16. c4 Bxf3 17. Nxf3 Qd6 18. Be3 Rae8 19. Qf2 Rf5 20. b3 a5
21. Re1 Ref8 22. Rf1 a4 23. Qe2 axb3 24. axb3 Qg6 25. Nh2 Rxf1+ 26. Nxf1 Qe4
27. Ng3 Qb1+ 28. Kh2 b6 29. Nh5 Qe4 30. Qg4 Qxg4 31. hxg4 Rd8 32. Bf4 Rd3 33.
b4 Rd4 34. Bxc7 Rxc4 35. Bxb6 Rxg4 36. Kh3 Rxb4 37. Bc7 Rb7 38. Be5 38... Rb5 {
matar resigns} 0-1

[Event "ICS rated blitz match"]
[Site "207.99.83.227"]
[Date "1999.05.02"]
[Round "?"]
[White "Hossa"]
[Black "Figo"]
[Result "1-0"]
[WhiteElo "2531"]
[BlackElo "2384"]
[PlyCount "59"]

1. d4 d5 2. c4 c6 3. Nf3 Nf6 4. cxd5 cxd5 5. e3 Nc6 6. Bb5 Bg4 7. Bxc6+ bxc6 8.
Nbd2 e6 9. Qc2 Rc8 10. O-O Bd6 11. h3 Bh5 12. e4 dxe4 13. Ng5 e3 14. fxe3 Bg6
15. Qa4 O-O 16. Qxa7 Bb8 17. Qa6 Qd6 18. Ngf3 Ne4 19. Ne5 f6 20. Nxe4 Bxe4 21.
Nf3 Bxf3 22. Rxf3 Qh2+ 23. Kf2 e5 24. Qc4+ Kh8 25. Qe6 Ba7 26. Rg3 exd4 27. Qe7
Rg8 28. Qxa7 d3 29. e4 Qh1 30. Bh6 {Figo resigns} 1-0

[Event "ICS rated blitz match"]
[Site "207.99.83.227"]
[Date "1999.05.02"]
[Round "?"]
[White "Hossa"]
[Black "alejo2"]
[Result "1-0"]
[WhiteElo "2550"]
[BlackElo "2401"]
[PlyCount "81"]

1. d4 d5 2. c4 e6 3. cxd5 exd5 4. Nf3 Nf6 5. e3 Be7 6. Bb5+ c6 7. Bd3 O-O 8.
O-O Nbd7 9. Nc3 Re8 10. b3 Nf8 11. Bb2 Bg4 12. Rc1 Ne6 13. Be2 Bh5 14. Ne5 Bxe2
15. Qxe2 Bd6 16. Qf3 Ng5 17. Qf5 Ne6 18. Rcd1 a5 19. Rd2 Qc7 20. Kh1 Nd8 21.
Ne2 Ne4 22. Rd3 f6 23. Ng4 Nf7 24. f3 Neg5 25. h4 Ne6 26. e4 Nf4 27. Nxf4 Bxf4
28. exd5 cxd5 29. Rc3 Qd6 30. Rc5 Re2 31. Rxd5 Qb8 32. Bc3 a4 33. Rf2 Rxf2 34.
Nxf2 axb3 35. axb3 Bg3 36. Ne4 Bxh4 37. Rd7 Bg5 38. Rxf7 Kxf7 39. Nxg5+ Kf8 40.
Bb4+ Ke8 41. Qb5+ {alejo2 resigns} 1-0

[Event "ICS rated blitz match"]
[Site "207.99.83.227"]
[Date "1999.05.02"]
[Round "?"]
[White "alejo2"]
[Black "Hossa"]
[Result "0-1"]
[WhiteElo "2391"]
[BlackElo "2560"]
[PlyCount "48"]

1. e4 c5 2. Nf3 e6 3. d4 cxd4 4. Nxd4 a6 5. Bd3 Nc6 6. Nxc6 dxc6 7. O-O e5 8.
Nc3 Nf6 9. Be3 Bd6 10. Qe2 O-O 11. Rad1 Qa5 12. Kh1 Rd8 13. f4 Bg4 14. Qf2 Bxd1
15. Bb6 Qb4 16. Bxd8 Rxd8 17. Nxd1 exf4 18. c3 Qc5 19. Qh4 Bc7 20. Bc2 Qe5 21.
Nf2 Qb5 22. Re1 Qxb2 23. Bb3 Qxc3 24. e5 24... Qxe1# {alejo2 checkmated} 0-1

[Event "ICS rated blitz match"]
[Site "207.99.83.227"]
[Date "1999.05.02"]
[Round "?"]
[White "Hossa"]
[Black "alejo2"]
[Result "1-0"]
[WhiteElo "2569"]
[BlackElo "2390"]
[PlyCount "77"]

1. d4 Nf6 2. c4 g6 3. Nc3 Bg7 4. e4 d6 5. Nf3 O-O 6. Be2 e5 7. O-O Nc6 8. d5
Ne7 9. Bg5 Nd7 10. Qd2 f6 11. Bh6 a5 12. Bxg7 Kxg7 13. Rae1 h6 14. a3 g5 15.
Qe3 Ng6 16. Nd2 Nf4 17. Bg4 h5 18. Bf5 Ng6 19. Qf3 g4 20. Qg3 Nc5 21. b4 axb4
22. axb4 Na4 23. Nxa4 Rxa4 24. Qb3 Ra8 25. Bxg6 Kxg6 26. f4 Qe7 27. fxe5 fxe5
28. Rxf8 Qxf8 29. Rf1 Qh6 30. Qc3 Bd7 31. c5 Bb5 32. Nc4 Bxc4 33. Qxc4 Qe3+ 34.
Kh1 h4 35. cxd6 h3 36. dxc7 hxg2+ 37. Kxg2 Rh8 38. Qc2 g3 39. hxg3 {
alejo2 resigns} 1-0

[Event "ICS rated blitz match"]
[Site "207.99.83.227"]
[Date "1999.05.02"]
[Round "?"]
[White "Hossa"]
[Black "SuperChicken"]
[Result "0-1"]
[WhiteElo "2577"]
[BlackElo "2780"]
[PlyCount "129"]

1. d4 d5 2. c4 e6 3. cxd5 exd5 4. Nf3 c6 5. e3 Nf6 6. Bd3 Bd6 7. O-O O-O 8.
Nbd2 Re8 9. Qc2 Nbd7 10. b3 Qe7 11. Bb2 Ne4 12. Qd1 Ndf6 13. Ne5 Nxd2 14. Qxd2
Bxe5 15. dxe5 Ng4 16. f4 Qh4 17. h3 Nh6 18. Qc2 Bxh3 19. Bxh7+ Kh8 20. Bd3 Bd7
21. Qf2 Qxf2+ 22. Rxf2 Bf5 23. Bxf5 Nxf5 24. Rf3 Re6 25. Re1 Kg8 26. e4 dxe4
27. Rxe4 Rd8 28. Bc3 Rd5 29. Ra4 a6 30. Rb4 b5 31. Re4 c5 32. Rh3 b4 33. Be1 f6
34. Bf2 Nd6 35. Ree3 fxe5 36. Rh5 Nf7 37. fxe5 Rexe5 38. Rhh3 Ng5 39. Rh4 a5
40. Rg4 Ne6 41. Rc4 Rxe3 42. Bxe3 Kf7 43. g4 g5 44. Kg2 Nd4 45. Bg1 Ke7 46. Bf2
Kd7 47. Be3 Kc6 48. Kh3 Kb5 49. Rc1 Re5 50. Bg1 Ne2 51. Rb1 Nxg1+ 52. Rxg1 Re3+
53. Kh2 Re2+ 54. Rg2 Rxg2+ 55. Kxg2 a4 56. Kf2 c4 57. bxa4+ Kxa4 58. Ke3 c3 59.
Ke2 b3 60. a3 b2 61. Kd3 Kb3 62. Ke4 b1=Q+ 63. Ke5 Qg6 64. Kd5 c2 65. a4 {
Hossa resigns} 0-1

[Event "ICS rated blitz match"]
[Site "207.99.83.227"]
[Date "1999.05.02"]
[Round "?"]
[White "razzle"]
[Black "Hossa"]
[Result "1-0"]
[WhiteElo "2847"]
[BlackElo "2569"]
[PlyCount "58"]

1. d4 c5 2. d5 e5 3. e4 Nf6 4. Nc3 Qa5 5. Qd3 Na6 6. Nf3 Nb4 7. Qe2 Bd6 8. a3
Ng4 9. Qd1 O-O 10. Nd2 f5 11. Nc4 Qa6 12. f3 fxe4 13. Nxd6 Qxd6 14. fxg4 Na6
15. Bc4 Qg6 16. d6+ Kh8 17. Rf1 Rxf1+ 18. Kxf1 Rb8 19. Qd5 Qe8 20. Kg1 b5 21.
Bxb5 Rb6 22. Qa8 Rxd6 23. Qxa7 Qd8 24. Bxa6 Rxa6 25. Qxc5 d6 26. Qc4 Bb7 27.
Nxe4 d5 28. Qd3 Qb6+ 29. Nf2 29... e4 {Hossa resigns} 1-0

[Event "ICS rated blitz match"]
[Site "207.99.83.227"]
[Date "1999.05.02"]
[Round "?"]
[White "TolkienX"]
[Black "Hossa"]
[Result "1-0"]
[WhiteElo "2612"]
[BlackElo "2564"]
[PlyCount "143"]

1. d4 d5 2. c4 e6 3. Nf3 dxc4 4. e3 b5 5. Nc3 Ba6 6. Be2 Nf6 7. Ne5 Bb4 8. O-O
O-O 9. Bd2 c6 10. Bf3 Bxc3 11. Bxc3 Nd5 12. Qe1 f6 13. Ba5 Qe8 14. e4 fxe5 15.
exd5 cxd5 16. Qxe5 Nc6 17. Qd6 Nxa5 18. Qxa6 Nc6 19. Rfe1 Rxf3 20. gxf3 Nxd4
21. Re3 Qg6+ 22. Kh1 Qf6 23. Rb1 Kh8 24. Qd6 Rf8 25. Qc5 Kg8 26. Qxa7 Nxf3 27.
Qb6 Nxh2 28. Qxe6+ Qxe6 29. Rxe6 Rxf2 30. Kg1 Rd2 31. Re3 g6 32. Rh3 Ng4 33.
Ra3 Ne5 34. Re1 Nc6 35. Ra6 Nd4 36. Re7 Kf8 37. Rxh7 Nf3+ 38. Kh1 Kg8 39. Rh3
Rd1+ 40. Kg2 Ne1+ 41. Kg3 Nd3 42. Rxg6+ Kf7 43. Rb6 Nxb2 44. Rh7+ Kg8 45. Rd7
Rg1+ 46. Kf3 Rf1+ 47. Kg2 Rf7 48. Rd8+ Kh7 49. Rxd5 Nd3 50. Rd4 Ra7 51. Kg3 Nb2
52. Rxb5 Rxa2 53. Rg4 Ra3+ 54. Kg2 Kh6 55. Rxb2 Kh5 56. Rxc4 Ra5 57. Rf2 Re5
58. Kg3 Re3+ 59. Rf3 Re6 60. Rh4+ Kg6 61. Rg4+ Kh7 62. Kh2 Re2+ 63. Rg2 Rxg2+
64. Kxg2 Kg8 65. Kh3 Kg7 66. Kh4 Kg6 67. Rf4 Kh6 68. Rg4 Kh7 69. Kh5 Kh8 70.
Kg6 Kg8 71. Rf4 Kh8 72. Rf8# {Hossa checkmated} 1-0

[Event "ICS rated blitz match"]
[Site "207.99.83.227"]
[Date "1999.05.02"]
[Round "?"]
[White "Hossa"]
[Black "TolkienX"]
[Result "1/2-1/2"]
[WhiteElo "2550"]
[BlackElo "2626"]
[PlyCount "137"]

1. d4 Nf6 2. c4 e6 3. Nc3 Bb4 4. Qc2 c5 5. dxc5 O-O 6. Bg5 Na6 7. O-O-O Bxc5 8.
e4 Nb4 9. Qe2 e5 10. Nf3 h6 11. Bh4 Re8 12. a3 Nc6 13. Kb1 Be7 14. Nb5 Rf8 15.
Rg1 a6 16. Nd6 Nd4 17. Nxd4 Bxd6 18. Nf5 Bc5 19. Qf3 Kh7 20. Qg3 g5 21. Qxe5 b6
22. b4 Re8 23. Qb2 gxh4 24. bxc5 bxc5 25. Nd6 Rf8 26. Ka1 Ne8 27. f4 Nxd6 28.
Rxd6 Rg8 29. Qe5 Qa5 30. Qf5+ Kg7 31. Qf6+ Kf8 32. Qxh6+ Ke8 33. Ka2 Qe1 34.
Qh7 Rf8 35. Qh5 Qf2+ 36. Be2 Qxg1 37. Qe5+ Kd8 38. Qf6+ Kc7 39. Rd1 Qxd1 40.
Bxd1 Bb7 41. Bf3 Bc6 42. e5 Bxf3 43. gxf3 Rg8 44. Qxh4 Rg2+ 45. Ka1 Rg1+ 46.
Kb2 Rb8+ 47. Kc2 Rg2+ 48. Kd3 Rb3+ 49. Ke4 Rc2 50. Qe7 Rxc4+ 51. Kd5 Rbc3 52.
Qd6+ Kd8 53. Qb6+ Ke8 54. Kd6 Rd4+ 55. Kc7 f6 56. Qxa6 fxe5 57. fxe5 Kf7 58.
Qf6+ Ke8 59. a4 Ra3 60. a5 Rxa5 61. Qd8+ Kf7 62. Kb6 Raa4 63. Kxc5 Rdc4+ 64.
Kd6 Rd4+ 65. Kc7 Rdc4+ 66. Kb6 Rcb4+ 67. Kc7 Rc4+ 68. Kb6 Rcb4+ 69. Kc7 {
Game drawn by mutual agreement} 1/2-1/2

[Event "ICS rated blitz match"]
[Site "207.99.83.227"]
[Date "1999.05.02"]
[Round "?"]
[White "SuperChicken"]
[Black "Hossa"]
[Result "1-0"]
[WhiteElo "2792"]
[BlackElo "2553"]
[PlyCount "60"]

1. d4 Nf6 2. c4 e6 3. Nf3 Bb4+ 4. Bd2 Qe7 5. g3 d5 6. Bg2 O-O 7. O-O dxc4 8.
Qc2 b5 9. a4 c5 10. axb5 Bxd2 11. Nbxd2 Bb7 12. dxc5 Qxc5 13. Qxc4 Qd6 14. Rfc1
Qd7 15. Ne5 Qe7 16. Nc6 Qd7 17. Qb4 Re8 18. Ne5 Nd5 19. Nxd7 Nxb4 20. Nf6+ gxf6
21. Bxb7 Nd7 22. Bxa8 Rxa8 23. Rc7 Nb6 24. Raxa7 Rxa7 25. Rxa7 Kg7 26. Ne4 Kg6
27. Nd6 Nc2 28. Rxf7 Nc4 29. Rd7 Ne5 30. Rd8 30... Nd4 {Hossa resigns} 1-0

[Event "ICS rated blitz match"]
[Site "207.99.83.227"]
[Date "1999.05.03"]
[Round "?"]
[White "Hossa"]
[Black "Prof-Moriarty"]
[Result "1-0"]
[WhiteElo "2547"]
[BlackElo "2224"]
[PlyCount "47"]

1. Nf3 Nf6 2. d4 d6 3. Nc3 g6 4. e4 Bg7 5. Bd3 O-O 6. O-O Bg4 7. h3 Bxf3 8.
Qxf3 Nbd7 9. Qe3 e5 10. dxe5 Nxe5 11. Be2 Nfd7 12. Qg3 Nb6 13. Bg5 Qd7 14. Rae1
Nec4 15. b3 Ne5 16. f4 Nc6 17. Bg4 f5 18. exf5 gxf5 19. Bh5 Kh8 20. Re2 Nd4 21.
Re7 Qc6 22. Rf2 Nd5 23. Rxg7 Nxc3 24. Rg8+ {Prof-Moriarty resigns} 1-0